[Event "35th European Club Cup 2019"]
[Site "Ulcinj"]
[Date "2019.11.14"]
[Round "5.1"]
[White "Sjugirov, Sanan"]
[Black "Subelj, Jan"]
[Result "1-0"]
[WhiteElo "2657"]
[BlackElo "2398"]
[Annotator "TA"]
[PlyCount "75"]
[EventDate "2019.11.10"]
[EventType "team-tourn"]
[EventCountry "MNE"]
[SourceTitle "playchess.com"]
[Source "ChessBase"]
[SourceQuality "1"]
[WhiteTeam "Law & Order"]
[BlackTeam "Maribor"]

{[%evp 9,75,16,25,18,18,10,11,-20,-9,-4,4,-20,29,8,8,8,8,10,29,4,4,5,2,0,0,0,0,0,39,31,32,30,38,21,43,41,56,54,70,78,61,59,154,150,156,150,141,135,283,281,272,171,550,554,1050,1047,1170,1180,1106,1111,1111,1048,1023,999,1308,747,1256,1206]} 1. Nf3 d5 2. g3 Bg4 3. Bg2 Nd7 4. h3 (4. c4 e6 5. cxd5 exd5 6. O-O Ngf6 7. h3 Bxf3 8. exf3 Be7 9. f4 O-O 10. d3 c6 11. Nd2 Ne8 12. Nf3 Nd6 13. h4 Re8 14. Bh3 Nf8 {1-0 (62) Rapport,R (2726)-L'Ami,E (2644) Germany 2019}) 4... Bh5 5. c4 e6 6. d4 {A07: Réti Opening: New York and Capablanca Systems} c6 7. O-O Ngf6 8. Nc3 {The position is equal.} dxc4 9. e4 Bb4 10. Qe2 Qe7 $146 ({Predecessor:} 10... O-O 11. g4 Bg6 12. Ne5 b5 13. f4 Nxe5 14. dxe5 Nd7 15. f5 Nxe5 16. fxg6 hxg6 {1-0 (53) Yap,K (2366)-Sheng,J (2415) Berkeley 2018}) 11. e5 Nd5 12. Qxc4 N7b6 13. Qb3 Qd7 14. Ng5 Be7 15. Nge4 a5 {[%cal Ba7a5,Ba5a4][%mdl 32]} 16. Nc5 Bxc5 17. dxc5 a4 $1 {[%cal Ra4b3]} 18. Qc2 $36 {[%mdl 2048] White fights for an advantage.} Nb4 19. Qe4 N6d5 20. Qc4 Nxc3 21. bxc3 Nd3 {White must now prevent ...Be2.} 22. g4 Bg6 23. Rd1 Nxe5 24. Rxd7 Nxc4 25. Rxb7 O-O-O (25... O-O $1 $14) 26. Ra7 $16 ({Much weaker is} 26. Bxc6 $6 Na5 $11) 26... Rd1+ 27. Kh2 Rhd8 28. Bxc6 {And now Bb5 would win.} Ne5 (28... Nd2 $16 {was necessary.}) 29. Bg2 $18 ({Resist} 29. Bxa4 $6 Kb8 $16) 29... f6 30. f4 ({Inferior is} 30. Rxg7 R8d7 $14) 30... Nc4 $2 {[#]} (30... R8d2 {is more resistant.}) 31. f5 $1 {[%mdl 512] White is clearly winning.} exf5 {[#]} 32. Rb1 $1 {[%cal Rb1b7]} R8d2 33. Ra8+ Kd7 34. Rb7+ Ke6 35. Bxd2 Rxd2 36. Ra6+ Ke5 37. Re7+ Kf4 38. Rxa4 {Accuracy: White = 68%, Black = 46%.} 1-0

[Event "35th European Club Cup 2019"]
[Site "Ulcinj"]
[Date "2019.11.14"]
[Round "5.1"]
[White "Goldsztejn, Gildas"]
[Black "Efimenko, Zahar"]
[Result "0-1"]
[WhiteElo "2426"]
[BlackElo "2601"]
[Annotator "TA"]
[PlyCount "98"]
[EventDate "2019.11.10"]
[EventType "team-tourn"]
[EventCountry "MNE"]
[SourceTitle "playchess.com"]
[Source "ChessBase"]
[SourceQuality "1"]
[WhiteTeam "Asnieres"]
[BlackTeam "Beer Sheva"]

{[%evp 15,98,32,26,17,26,-11,-11,-11,-12,-12,-7,-6,17,-29,-21,-34,-42,-38,-31,-45,-54,-81,-56,-92,-66,-72,-78,-89,-83,-79,-89,-87,-87,-114,-114,-123,-129,-137,-118,-116,-53,-80,-12,-165,-103,-108,-70,-69,-70,-431,-391,-697,-677,-569,-355,-366,-350,-354,-365,-816,-796,-793,-774,-1084,-1036,-1936,-1931,-1889,-1980,-1341,-1329,-29988,-29989,-29991,-29988,-29988,-29989,-29991,-29992,-29992,-29990,-29990,-29991,-29991,-29992]} 1. e4 e5 2. Bc4 Nc6 3. Nc3 Nf6 4. d3 Bb4 5. Nge2 d5 6. exd5 Nxd5 7. O-O Nb6 8. Bb3 O-O 9. a3 {C28: Vienna Game: 2...Nf6 3 Bc4 Nc6} Bxc3 10. Nxc3 $146 ({Predecessor:} 10. bxc3 Nd5 11. c4 Nde7 12. Bb2 Nf5 13. Qd2 Ncd4 14. Nxd4 exd4 15. c5 Be6 16. Qf4 Qd7 {1-0 (45) So,W (2531)-Li,R (2417) Manila 2007}) 10... Nd4 11. Ba2 {The position is equal.} Be6 12. Bxe6 Nxe6 13. Re1 f6 14. Ne4 (14. f4 $5) 14... Qd7 15. Bd2 Rad8 16. Ng3 Nd5 17. Re4 c5 18. b4 b6 19. h4 Kh8 20. Rb1 Rc8 21. b5 Rfd8 22. Rc4 Nd4 23. a4 Re8 24. h5 Rcd8 25. c3 Ne6 26. h6 g6 27. Qf3 Ndf4 ({Black should try} 27... f5 $17 {White must now prevent ...Nf6.} 28. Qe2 Nef4) 28. Bxf4 $15 Nxf4 (28... exf4 $17 29. Ne2 g5) 29. Ne4 $2 {[#]} (29. a5 $1 $11) 29... Qe6 ({And not} 29... Qxd3 30. Qxd3 Rxd3 31. Nxf6 $11) (29... Qe7 $19 30. Rd1 f5) 30. Rd1 $17 f5 31. Ng5 Qe7 $36 {[%mdl 2048] Black is more active.} 32. Nh3 $2 {[%mdl 8192] [#]} (32. Rxf4 $1 $15 Qxg5 33. Rc4) 32... Nxd3 $1 $19 {[%mdl 512]} 33. Qe2 $2 (33. Rxd3 e4 {[%mdl 64] Double Attack} 34. Re3 exf3 35. Rxe7 Rxe7 36. a5) 33... e4 34. a5 Qh4 35. axb6 axb6 36. Ra4 Qxh6 37. Ra7 $2 (37. Qe3 Qxe3 38. fxe3) 37... g5 38. Qd2 f4 39. Qe2 Qg6 40. c4 g4 41. Nxf4 Nxf4 42. Qb2+ Kg8 43. Rd2 g3 {Black mates.} 44. fxg3 Rxd2 45. Qxd2 Qxg3 46. Ra2 e3 47. Qd7 Qe1+ 48. Kh2 Qh4+ 49. Kg1 Rd8 {Accuracy: White = 33%, Black = 67%.} 0-1

[Event "35th European Club Cup 2019"]
[Site "Ulcinj"]
[Date "2019.11.14"]
[Round "5.1"]
[White "Leenhouts, Koen"]
[Black "Admiraal, Miguoel"]
[Result "1/2-1/2"]
[WhiteElo "2424"]
[BlackElo "2510"]
[Annotator "ChessBase"]
[PlyCount "60"]
[EventDate "2019.11.10"]
[EventType "team-tourn"]
[EventCountry "MNE"]
[SourceTitle "playchess.com"]
[Source "ChessBase"]
[SourceQuality "1"]
[WhiteTeam "HWP Sas van Gent"]
[BlackTeam "Kennemer Combinatie"]
[TimeControl "40/5400+30:1800+30"]

1. e4 {[%emt 0:00:00]} c6 {[%emt 0:00:00]} 2. Nc3 {[%emt 0:00:09]} d5 {[%emt 0:00:01]} 3. Nf3 {[%emt 0:00:08]} Bg4 {[%emt 0:04:14]} 4. h3 {[%emt 0:00:10]} Bxf3 {[%emt 0:00:06]} 5. Qxf3 {[%emt 0:00:09]} e6 {[%emt 0:00:52]} 6. d4 {[%emt 0:00:30]} Nf6 {[%emt 0:02:55]} 7. exd5 {[%emt 0:00:00]} cxd5 {[%emt 0:02:12]} 8. Bd3 {[%emt 0:00:00]} Nc6 {[%emt 0:00:30]} 9. Ne2 {[%emt 0:00:01]} Be7 {[%emt 0:07:40]} 10. c3 {[%emt 0:05:42]} h6 11. O-O {[%emt 0:16:52]} O-O {[%emt 0:15:58]} 12. Ng3 {[%emt 0:11:17]} Re8 13. Be3 {[%emt 0:00:30]} Rb8 {[%emt 0:19:22]} 14. Rad1 {[%emt 0:09:22]} b5 {[%emt 0:10:41]} 15. Bb1 {[%emt 0:00:46]} Na5 {[%emt 0:01:30]} 16. Nh5 {[%emt 0:04:20]} Nxh5 {[%emt 0:01:02]} 17. Qxh5 b4 18. Bxh6 {[%emt 0:10:41]} gxh6 {[%emt 0:14:30]} 19. Qxh6 {[%emt 0:00:06]} f5 20. Qg6+ {[%emt 0:00:06]} Kf8 {[%emt 0:00:09]} 21. Qh6+ {[%emt 0:00:06]} Kg8 {[%emt 0:00:04]} 22. Qg6+ Kf8 {[%emt 0:00:06]} 23. Qh6+ {[%emt 0:00:09]} Kg8 24. Qg6+ Kf8 {[%emt 0:00:18]} 25. Qh6+ {[%emt 0:00:08]} Kg8 26. Qg6+ {[%emt 0:00:04]} Kf8 {[%emt 0:00:10]} 27. Qh6+ {[%emt 0:00:03]} Kg8 {[%emt 0:00:05]} 28. Qg6+ {[%emt 0:00:04]} Kf8 {[%emt 0:00:05]} 29. Qh6+ {[%emt 0:00:04]} Kg8 {[%emt 0:00:04]} 30. Qg6+ Kf8 {[%emt 0:00:06]} 1/2-1/2

[Event "35th European Club Cup 2019"]
[Site "Ulcinj"]
[Date "2019.11.14"]
[Round "5.2"]
[White "Postny, Evgeny"]
[Black "Gozzoli, Yannick"]
[Result "0-1"]
[WhiteElo "2615"]
[BlackElo "2600"]
[Annotator "RC"]
[PlyCount "96"]
[EventDate "2019.11.10"]
[EventType "team-tourn"]
[EventCountry "MNE"]
[SourceTitle "playchess.com"]
[Source "ChessBase"]
[SourceQuality "1"]
[WhiteTeam "Beer Sheva"]
[BlackTeam "Asnieres"]
[TimeControl "40/5400+30:1800+30"]

1. c4 Nf6 2. d4 g6 3. Nf3 Bg7 4. e3 O-O 5. Be2 d6 6. Nc3 Bf5 7. O-O Ne4 8. Nxe4 Bxe4 9. Bd3 Bxd3 10. Qxd3 c5 11. d5 Nd7 12. a4 a6 13. Ra3 b5 14. axb5 axb5 15. cxb5 Qb6 16. Bd2 Bxb2 17. Ra6 Rxa6 18. bxa6 Ra8 19. Rb1 Rxa6 20. Qe4 Ra1 21. Rxa1 Bxa1 22. Qxe7 Qb1+ 23. Ne1 Ne5 24. Qe8+ Kg7 25. Qa4 c4 26. Qc2 Qb3 27. h3 Kg8 28. Kh2 Nd7 29. e4 Be5+ 30. g3 Nc5 31. Be3 Qxc2 32. Nxc2 Nxe4 33. Na3 c3 34. Nc2 f5 35. Kg2 g5 36. Kf3 Kf7 37. g4 Kg6 38. Bb6 Nf6 39. gxf5+ Kxf5 40. Ne3+ Kg6 41. Ba5 h5 42. Bb4 g4+ 43. hxg4 h4 44. Ba3 h3 45. Nc4 Nxg4 46. Nxe5+ Nxe5+ 47. Kg3 c2 48. Kxh3 Kf5 0-1

[Event "35th European Club Cup 2019"]
[Site "Ulcinj"]
[Date "2019.11.14"]
[Round "5.2"]
[White "Asadli, Vugar"]
[Black "Adams, Michael"]
[Result "1/2-1/2"]
[WhiteElo "2513"]
[BlackElo "2692"]
[Annotator "TA"]
[PlyCount "60"]
[EventDate "2019.11.10"]
[EventType "team-tourn"]
[EventCountry "MNE"]
[SourceTitle "playchess.com"]
[Source "ChessBase"]
[SourceQuality "1"]
[WhiteTeam "Vugar Gashimov"]
[BlackTeam "Padova"]

{[%evp 17,60,16,16,17,18,24,22,8,22,0,0,0,0,-6,0,0,0,0,0,0,11,-27,15,12,16,13,15,9,16,0,0,0,0,0,0,0,0,0,0,0,0,0,0,0,0]} 1. e4 e5 2. Nf3 Nc6 3. Bb5 a6 4. Ba4 Nf6 5. Nc3 b5 6. Bb3 Be7 7. O-O d6 8. a4 b4 9. Nd5 Na5 10. Ba2 {C84: Closed Ruy Lopez: Unusual White 6th moves} Nxd5 11. Bxd5 c6 12. Ba2 c5 13. Bd5 Rb8 {[%cal Ba8b8,Bb8b7,Bb7d7][%mdl 32]} 14. d3 (14. c3 bxc3 15. dxc3 Be6 16. b4 cxb4 17. cxb4 Rxb4 {½-½ (70) Mamedov,R (2650)-Kravtsiv,M (2628) Konya 2019}) 14... O-O 15. Be3 Bb7 16. Bxb7 Rxb7 17. Nd2 $146 ({Predecessor:} 17. Qe2 Nc6 {1-0 (25) Sabo,M (2127)-Alekseev,A (1998) LSS email 2010}) 17... d5 18. exd5 Qxd5 19. Qf3 Rd7 20. Qxd5 {The position is equal.} Rxd5 21. Nc4 Nxc4 22. dxc4 Rd7 23. Rad1 Rfd8 24. Rxd7 Rxd7 $11 {[%mdl 4096] Endgame KRB-KRB} 25. g4 f6 26. f3 Kf7 27. Kf2 g6 28. Ke2 Rd8 29. b3 Ke6 30. Rg1 Kf7 {Accuracy: White = 75%, Black = 78%.} 1/2-1/2

[Event "35th European Club Cup 2019"]
[Site "Ulcinj"]
[Date "2019.11.14"]
[Round "5.2"]
[White "Van der Lende, Ilias"]
[Black "Cardon, Helmut"]
[Result "1/2-1/2"]
[WhiteElo "2408"]
[BlackElo "2398"]
[Annotator "NA"]
[PlyCount "23"]
[EventDate "2019.11.10"]
[EventType "team-tourn"]
[EventCountry "MNE"]
[SourceTitle "playchess.com"]
[Source "ChessBase"]
[SourceQuality "1"]
[WhiteTeam "Kennemer Combinatie"]
[BlackTeam "HWP Sas van Gent"]
[TimeControl "40/5400+30:1800+30"]

1. Nf3 Nf6 2. c4 e6 3. g3 d5 4. Bg2 dxc4 5. Na3 Bxa3 6. bxa3 O-O 7. Bb2 Nbd7 8. Rc1 Nb6 9. O-O Bd7 10. Qc2 Ba4 11. Qb1 h6 12. Qa1 1/2-1/2

[Event "35th European Club Cup 2019"]
[Site "Ulcinj"]
[Date "2019.11.14"]
[Round "5.2"]
[White "Bratkovic, Jakob"]
[Black "Alekseev, Evgeny"]
[Result "0-1"]
[WhiteElo "2308"]
[BlackElo "2623"]
[Annotator "ChessBase"]
[PlyCount "58"]
[EventDate "2019.11.10"]
[EventType "team-tourn"]
[EventCountry "MNE"]
[SourceTitle "playchess.com"]
[Source "ChessBase"]
[SourceQuality "1"]
[WhiteTeam "Maribor"]
[BlackTeam "Law & Order"]
[TimeControl "40/5400+30:1800+30"]

1. e4 {[%emt 0:01:42]} c5 {[%emt 0:00:00]} 2. Nf3 {[%emt 0:00:08]} Nc6 {[%emt 0:00:39]} 3. d4 {[%emt 0:00:18]} cxd4 {[%emt 0:00:48]} 4. Nxd4 {[%emt 0:00:10]} Qb6 {[%emt 0:01:41]} 5. Nb3 {[%emt 0:01:59]} Nf6 {[%emt 0:00:45]} 6. Nc3 {[%emt 0:01:58]} e6 {[%emt 0:00:18]} 7. Be3 {[%emt 0:07:19]} Qc7 {[%emt 0:01:43]} 8. Qd2 {[%emt 0:06:07]} Bb4 {[%emt 0:08:37]} 9. f3 d5 {[%emt 0:00:30]} 10. a3 Bxc3 {[%emt 0:00:30]} 11. Qxc3 dxe4 {[%emt 0:00:30]} 12. fxe4 O-O {[%emt 0:00:30]} 13. Bd3 Ng4 {[%emt 0:00:30]} 14. Bd2 b6 {[%emt 0:00:30]} 15. Be2 Nf6 {[%emt 0:00:30]} 16. Bf3 Bb7 {[%emt 0:00:30]} 17. O-O-O Rac8 {[%emt 0:00:30]} 18. h4 Qb8 {[%emt 0:00:30]} 19. Qe3 Ne5 {[%emt 0:00:30]} 20. Bb4 Nc4 {[%emt 0:00:30]} 21. Qe1 Qe5 {[%emt 0:00:30]} 22. Bc3 Qf4+ {[%emt 0:00:30]} 23. Kb1 Nxe4 {[%emt 0:00:30]} 24. Rd4 f5 {[%emt 0:00:30]} 25. Bxe4 Bxe4 {[%emt 0:00:30]} 26. Rd7 Rf7 {[%emt 0:00:30]} 27. Qd1 Bxc2+ {[%emt 0:00:30]} 28. Qxc2 Rxd7 {[%emt 0:00:30]} 29. Re1 Ne3 {[%emt 0:00:30]} 0-1

[Event "35th European Club Cup 2019"]
[Site "Ulcinj"]
[Date "2019.11.14"]
[Round "5.2"]
[White "Bratkovic, Jakob"]
[Black "Alekseev, Evgeny"]
[Result "*"]
[WhiteElo "2308"]
[BlackElo "2623"]
[Annotator "TA"]
[PlyCount "30"]
[EventDate "2019.11.10"]
[EventType "team-tourn"]
[EventCountry "MNE"]
[SourceTitle "playchess.com"]
[Source "ChessBase"]
[SourceQuality "1"]
[WhiteTeam "Maribor"]
[BlackTeam "Law & Order"]

{[%evp 13,16,51,40,-23,-7]} 1. e4 c5 2. Nf3 Nc6 3. d4 cxd4 4. Nxd4 Qb6 5. Nb3 Nf6 6. Nc3 e6 7. Be3 Qc7 8. Qd2 {B33: Sicilian: Pelikan and Sveshnikov Variations} (8. a3 $14) (8. Bd3 a6 9. f4 d6 10. Qf3 Be7 11. g4 b5 12. g5 Nd7 13. O-O-O Nb4 14. Kb1 Bb7 15. Rhg1 O-O 16. Rg3 Nxd3 17. cxd3 f5 18. gxf6 Bxf6 19. Qg4 Rae8 20. Rc1 Qd8 21. Rh3 {0-1 (54) Yu,Y (2739)-Korobov,A (2687) Hengshui 2019}) 8... Bb4 $1 {Predecessor:} 9. f3 $146 d5 10. a3 Bxc3 11. Qxc3 dxe4 12. fxe4 O-O 13. Bd3 Ng4 14. Bc5 Rd8 15. O-O-O b6 {1-0 (50) Hamdouchi,H (2593)-Milov,V (2620) Cap d'Agde 2002} *

[Event "35th European Club Cup 2019"]
[Site "Ulcinj"]
[Date "2019.11.14"]
[Round "5.3"]
[White "Leko, Peter"]
[Black "Sadikhov, Ulvi"]
[Result "1-0"]
[WhiteElo "2666"]
[BlackElo "2502"]
[Annotator "TA"]
[PlyCount "99"]
[EventDate "2019.11.10"]
[EventType "team-tourn"]
[EventCountry "MNE"]
[SourceTitle "playchess.com"]
[Source "ChessBase"]
[SourceQuality "1"]
[WhiteTeam "Padova"]
[BlackTeam "Vugar Gashimov"]

{[%evp 20,99,33,33,27,34,27,32,42,29,41,42,80,67,81,69,59,63,64,55,76,62,70,47,58,42,63,8,7,0,0,0,20,0,0,0,0,0,0,0,56,0,56,66,126,106,118,114,251,214,262,273,269,267,239,211,337,314,341,334,321,318,673,663,805,787,700,459,533,401,531,498,490,278,953,822,1024,1024,2031,1442,1276,1182]} 1. e4 c5 2. Nf3 Nc6 3. Nc3 g6 4. d4 cxd4 5. Nxd4 Bg7 6. Be3 Nf6 7. Bc4 O-O 8. Bb3 Ng4 9. Qxg4 Nxd4 10. Qd1 Nxb3 11. axb3 a5 {B35: Sicilian: Accelerated Dragon with 5 Nc3: main line} 12. Bd4 d6 13. Bxg7 Kxg7 {White is slightly better.} 14. Qd4+ e5 $146 ({Predecessor:} 14... f6 15. h4 Be6 16. h5 Rc8 17. hxg6 hxg6 18. O-O-O Qc7 19. Qd2 {1-0 (68) Rodriguez,K (2327)-Sikorsky,R (2405) ICCF email 2015}) 15. Qd3 f5 16. O-O fxe4 17. Qxe4 Rf4 18. Qe2 Bd7 19. Nd5 Rf7 20. Rad1 Bc6 21. c4 Qg5 22. f3 Raf8 23. Kh1 (23. Rf2 $14) 23... Qh4 $11 24. Rfe1 Rf5 25. Qe4 Qh6 {[#] Hoping for ...Rh5.} 26. Qe3 Qh4 27. Qg1 Rh5 28. Re4 Qg5 29. Rg4 Qd8 (29... Qh6 $1 $11) 30. b4 (30. Nc3 $14) 30... Bd7 (30... axb4 $11 31. Nxb4 Rhf5) 31. Re4 $14 Bf5 (31... axb4 $14 32. Nxb4 Bc6 33. Nxc6 bxc6) 32. Re2 $36 {[%mdl 2048] White is in control.} Be6 33. bxa5 Qh4 (33... Qxa5 $16 {was worth a try.} 34. b3 b5) 34. Re4 Qg3 {With the idea ...Rxf3.} 35. Ne3 {[%cal Bd5e3,Be3f1,Bf1d2,Bd2e4,Be4g3][%mdl 32]} Bf5 36. Nf1 (36. Rxd6 Bxe4 37. Rd7+ Kh8 $17) 36... Qg5 37. Re2 Be6 (37... e4 $142 38. Qd4+ (38. Rxd6 exf3 39. gxf3 Bh3 $16) (38. fxe4 Bg4 $17) 38... Kg8) 38. b3 $18 ({Less strong is} 38. Rxd6 Bxc4 39. Rc2 Bxf1 $18) 38... Bd7 39. Rxd6 Bc6 40. Nd2 Rf4 $2 {[#]} (40... e4 41. b4 (41. Nxe4 Rxh2+ 42. Qxh2 Qc1+ 43. Re1 Qxe1+ {[%mdl 64] Double Attack} 44. Qg1 Qh4+ 45. Qh2 Qe1+ {[%mdl 64] Double Attack} 46. Qg1 Qh4+ 47. Qh2 Qe1+ $11 {[%mdl 64] Double Attack}) (41. fxe4 Qg3 $16) 41... exf3 42. gxf3 Qf5) 41. a6 $1 {[%cal Ba5a6,Ba6a7][%mdl 32]} Qe7 (41... bxa6 42. Rxc6) 42. a7 Rf8 43. Rd3 Ra8 44. Ne4 Qa3 45. Ng3 Rh4 46. Rxe5 (46. Qe3 $142 Qe7 47. Rd1) 46... Rxa7 $2 (46... Qxa7 47. Qxa7 Rxa7) 47. h3 {White is clearly winning.} Ra8 48. Qe3 Qb2 49. Rd2 Qa3 50. Kh2 {[%mdl 64] Decoy. Accuracy: White = 57%, Black = 48%.} 1-0

[Event "35th European Club Cup 2019"]
[Site "Ulcinj"]
[Date "2019.11.14"]
[Round "5.3"]
[White "Rakhmanov, Aleksandr"]
[Black "Mikhalchishin, Adrian"]
[Result "1-0"]
[WhiteElo "2638"]
[BlackElo "2467"]
[Annotator "ChessBase"]
[PlyCount "53"]
[EventDate "2019.11.10"]
[EventType "team-tourn"]
[EventCountry "MNE"]
[SourceTitle "playchess.com"]
[Source "ChessBase"]
[SourceQuality "1"]
[WhiteTeam "Law & Order"]
[BlackTeam "Maribor"]
[TimeControl "40/5400+30:1800+30"]

1. Nf3 {[%emt 0:00:00]} Nf6 {[%emt 0:00:49]} 2. g3 {[%emt 0:01:28]} d5 {[%emt 0:00:43]} 3. Bg2 {[%emt 0:01:13]} b5 {[%emt 0:03:15]} 4. O-O {[%emt 0:02:54]} e6 {[%emt 0:01:33]} 5. d3 {[%emt 0:04:21]} Bb7 {[%emt 0:00:47]} 6. c4 {[%emt 0:00:08]} c6 {[%emt 0:00:08]} 7. cxb5 {[%emt 0:01:39]} cxb5 {[%emt 0:00:06]} 8. a4 {[%emt 0:00:05]} b4 {[%emt 0:16:19]} 9. a5 {[%emt 0:00:06]} Na6 {[%emt 0:00:30]} 10. Nbd2 {[%emt 0:16:08]} Bd6 {[%emt 0:17:48]} 11. e4 {[%emt 0:02:52]} Nd7 {[%emt 0:04:09]} 12. Nd4 {[%emt 0:15:34]} O-O {[%emt 0:01:45]} 13. exd5 {[%emt 0:02:37]} Bxd5 {[%emt 0:02:02]} 14. Bxd5 {[%emt 0:00:52]} exd5 {[%emt 0:00:01]} 15. N2f3 {[%emt 0:02:14]} Ne5 {[%emt 0:04:42]} 16. Be3 {[%emt 0:13:34]} Qf6 {[%emt 0:07:47]} 17. Rc1 {[%emt 0:08:00]} Rac8 {[%emt 0:23:18]} 18. Rxc8 {[%emt 0:00:26]} Rxc8 {[%emt 0:00:01]} 19. Nxe5 {[%emt 0:00:10]} Bxe5 {[%emt 0:00:42]} 20. Qg4 {[%emt 0:00:09]} Ra8 {[%emt 0:00:42]} 21. Rc1 {[%emt 0:03:59]} Nc7 {[%emt 0:04:30]} 22. Rc6 {[%emt 0:18:02]} Qd8 {[%emt 0:03:09]} 23. Nf5 {[%emt 0:00:18]} d4 {[%emt 0:03:18]} 24. Bf4 {[%emt 0:02:17]} h5 {[%emt 0:01:50]} 25. Nh6+ {[%emt 0:00:06]} Kf8 {[%emt 0:00:12]} 26. Qxh5 {[%emt 0:00:22]} Qd7 {[%emt 0:00:50]} 27. Bxe5 {[%emt 0:00:40]} 1-0

[Event "35th European Club Cup 2019"]
[Site "Ulcinj"]
[Date "2019.11.14"]
[Round "5.3"]
[White "Delchev, Aleksander"]
[Black "Roiz, Michael"]
[Result "1/2-1/2"]
[WhiteElo "2561"]
[BlackElo "2602"]
[Annotator "TA"]
[PlyCount "74"]
[EventDate "2019.11.10"]
[EventType "team-tourn"]
[EventCountry "MNE"]
[SourceTitle "playchess.com"]
[Source "ChessBase"]
[SourceQuality "1"]
[WhiteTeam "Asnieres"]
[BlackTeam "Beer Sheva"]

{[%evp 15,74,10,24,3,15,12,20,9,18,0,10,0,0,0,0,0,0,0,0,0,0,0,0,0,0,0,0,0,0,0,0,0,0,0,0,0,12,0,0,0,0,0,2,0,6,0,0,0,0,0,0,0,0,0,1,0,7,0,0,0,12]} 1. e4 c5 2. Nc3 a6 3. Nf3 d6 4. d4 cxd4 5. Nxd4 Nf6 6. Be3 e5 7. Nf3 Be7 8. Bc4 Be6 9. Bb3 {B90: Sicilian Najdorf: Unusual White 6th moves, 6 Be3 Ng4 and 6 Be3 e5} Nbd7 {The position is equal.} 10. O-O Rc8 11. Qd3 (11. Nh4 Nc5 12. Nf5 Bxf5 13. exf5 Nxb3 14. axb3 Qd7 15. Qf3 d5 16. Bg5 d4 17. Bxf6 Bxf6 {0-1 (41) Sjugirov,S (2663)-Sarana,A (2618) Khanty-Mansiysk 2018}) 11... Qc7 $146 ({Predecessor:} 11... Ng4 12. Nd5 Nxe3 13. Qxe3 Nf6 14. Nxf6+ Bxf6 15. Rfd1 O-O 16. c3 Bg4 {0-1 (74) Guliyev,N (2545)-Hernandez,A (2270) Moscow 2012}) 12. a4 O-O 13. Bxe6 fxe6 14. Ng5 Qc4 15. Qxc4 Rxc4 16. Nxe6 Rfc8 17. Ng5 h6 18. Nf3 Nxe4 19. Nxe4 Rxe4 20. c3 Rec4 21. Nd2 R4c6 22. f4 Nf6 23. Rae1 Bd8 24. fxe5 dxe5 25. Bf2 Re6 26. Re2 Bb6 27. Bxb6 Rxb6 28. Nf3 Rc4 29. a5 Re6 30. Nd4 Re8 31. Nf5 {[#] Hoping for Nd6.} Re6 32. Nd4 Re8 33. Nf5 {Nd6 is the strong threat.} Re6 34. Rd1 Rc7 35. Rd8+ Kh7 36. Nd4 Ree7 37. Nf5 Re6 {Accuracy: White = 57%, Black = 65%.} 1/2-1/2

[Event "35th European Club Cup 2019"]
[Site "Ulcinj"]
[Date "2019.11.14"]
[Round "5.3"]
[White "Verstraeten, Rein"]
[Black "Van Baar, Esper"]
[Result "1-0"]
[WhiteElo "2379"]
[BlackElo "2176"]
[Annotator "NA"]
[PlyCount "49"]
[EventDate "2019.11.10"]
[EventType "team-tourn"]
[EventCountry "MNE"]
[SourceTitle "playchess.com"]
[Source "ChessBase"]
[SourceQuality "1"]
[WhiteTeam "HWP Sas van Gent"]
[BlackTeam "Kennemer Combinatie"]
[TimeControl "40/5400+30:1800+30"]

1. d4 {[%emt 0:00:00]} Nf6 {[%emt 0:00:00]} 2. c4 {[%emt 0:00:00]} e6 {[%emt 0:00:00]} 3. Nf3 {[%emt 0:01:50]} d5 {[%emt 0:00:23]} 4. Nc3 {[%emt 0:01:11]} dxc4 {[%emt 0:02:11]} 5. Bg5 {[%emt 0:02:33]} Bb4 {[%emt 0:02:20]} 6. e4 {[%emt 0:01:18]} c5 {[%emt 0:03:58]} 7. Bxc4 {[%emt 0:05:30]} cxd4 {[%emt 0:04:32]} 8. Nxd4 {[%emt 0:00:11]} Qa5 {[%emt 0:09:36]} 9. Bb5+ {[%emt 0:08:49]} Nbd7 {[%emt 0:06:24]} 10. Bxf6 {[%emt 0:00:18]} Bxc3+ {[%emt 0:04:07]} 11. bxc3 {[%emt 0:00:13]} Qxc3+ {[%emt 0:02:42]} 12. Kf1 {[%emt 0:00:09]} gxf6 {[%emt 0:00:41]} 13. h4 {[%emt 0:05:14]} a6 {[%emt 0:04:59]} 14. Rh3 {[%emt 0:00:30]} Qb4 {[%emt 0:11:16]} 15. Rb1 {[%emt 0:07:32]} Qd6 {[%emt 0:02:18]} 16. Rd3 {[%emt 0:20:52]} axb5 {[%emt 0:13:35]} 17. Nxb5 {[%emt 0:00:19]} Qh2 {[%emt 0:00:03]} 18. Nd6+ {[%emt 0:00:47]} Kf8 {[%emt 0:00:06]} 19. Rh3 {[%emt 0:19:54]} Qf4 {[%emt 0:07:54]} 20. Nxc8 {[%emt 0:03:59]} Rxc8 {[%emt 0:02:55]} 21. Qxd7 {[%emt 0:00:19]} Rc2 {[%emt 0:07:27]} 22. Rf3 {[%emt 0:00:18]} Qxh4 {[%emt 0:01:12]} 23. Qd6+ {[%emt 0:00:40]} Kg7 {[%emt 0:04:21]} 24. Rg3+ {[%emt 0:00:06]} Kh6 {[%emt 0:00:11]} 25. Rh3 {[%emt 0:00:07]} 1-0